| LEADER | 01154nam a2200253 a 4500 | ||
|---|---|---|---|
| 001 | GR-MES4750 | ||
| 008 | 991111s gr 000 0 gre d | ||
| 040 | |a GrPaTEI |b gre |c GR-PaULI | ||
| 245 | 0 | 2 | |a Η πέστροφα και η εκτροφή της / |c Νικολάου Παπαγεωργίου. |
| 260 | |a Θεσσαλονικη : |b [χ.ο] | ||
| 300 | |a 94σελ. | ||
| 500 | |a βιβλιογραφια:σελ(93-94) | ||
| 650 | 4 | |a Αναπαραγγωγή | |
| 650 | 4 | |a Ασθένειες | |
| 650 | 4 | |a Διατροφή | |
| 650 | 4 | |a Εκτροφή | |
| 650 | 4 | |a Νερό | |
| 650 | 4 | |a ΠΕΣΤΡΟΦΑ | |
| 700 | 1 | |a Παπαγεωργίου, Ν. | |
| 942 | |2 ddc | ||
| 952 | |0 0 |1 0 |2 ddc |4 0 |6 639_375000000000000_5_ΠΑΠ |7 0 |9 269385 |a MSLG |b MSLG |c BSC |d 2021-01-17 |e 24 |f 0 |g 0.00 |l 0 |o 639.375 5 ΠΑΠ |p 2420000014439 |r 2021-01-17 00:00:00 |t 1 |w 2021-01-17 |y BK15 |x 19991111 0 1 |x GrPaTEI | ||
| 952 | |0 0 |1 0 |2 ddc |4 0 |6 639_375000000000000_5_ΠΑΠ |7 0 |9 269386 |a MSLG |b MSLG |c BSC |d 2021-01-17 |e 24 |f 0 |g 0.00 |l 0 |o 639.375 5 ΠΑΠ |p 2420000018125 |r 2021-01-17 00:00:00 |t 1 |w 2021-01-17 |y BK15 |x 20000308 0 1 |x GrPaTEI | ||
| 971 | |a .b25757969 |b 16-04-20 |c 13-09-16 | ||
| 999 | |c 155410 |d 155410 | ||